European rural development (Record no. 117860)

MARC details
000 -LEADER
fixed length control field 01040cam a2200205 4500
001 - CONTROL NUMBER
control field WB@3612-763
008 - FIXED-LENGTH DATA ELEMENTS--GENERAL INFORMATION
fixed length control field 040818n2004 000 0 eng u
035 ## - SYSTEM CONTROL NUMBER
System control number (Sirsi) u127099
245 ## - TITLE STATEMENT
Title European rural development
260 ## - PUBLICATION, DISTRIBUTION, ETC.
Date of publication, distribution, etc. 2004
490 ## - SERIES STATEMENT
Series statement DEFRA News Release
Volume/sequential designation (326/04) 17 August 2004 (3)
520 ## - SUMMARY, ETC.
Summary, etc. The Rural Affairs Minister has launched a web-based consultation seeking views on a number of issues surrounding new European proposals for driving rural development. The new regulation will form the basis of future rural development programmes across the EU from 2007 to 2013. The website for the consultation exercise is at: http://www.defra.gov.uk/rural/rdrconsultation and although the consultation closes on 12 November 2004, responses will be welcomed in advance of that. http://www.gnn.gov.uk/Content/Detail.asp?ReleaseID =126967&NewsAreaID=2
590 ## - LOCAL NOTE (RLIN)
Local note WB
590 ## - LOCAL NOTE (RLIN)
Local note WB
650 ## - SUBJECT ADDED ENTRY--TOPICAL TERM
Topical term or geographic name entry element RURAL DEVELOPMENT
650 ## - SUBJECT ADDED ENTRY--TOPICAL TERM
Topical term or geographic name entry element RURAL ECONOMY
650 ## - SUBJECT ADDED ENTRY--TOPICAL TERM
Topical term or geographic name entry element EUROPEAN POLICY
690 ## - LOCAL SUBJECT ADDED ENTRY--TOPICAL TERM (OCLC, RLIN)
Topical term or geographic name as entry element RURAL
9 (RLIN) 6268
942 ## - ADDED ENTRY ELEMENTS (KOHA)
Suppress in OPAC 0
Holdings
Withdrawn status Lost status Source of classification or shelving scheme Damaged status Not for loan Home library Current library Shelving location Date acquired Total Checkouts Full call number Barcode Date last seen Copy number Price effective from Koha item type
    Dewey Decimal Classification     London London News article 18/08/2004   WB4032-13 127099-1001 06/08/2019 1 06/08/2019 News article